Do you know your Raspberry Roots ? - Statistics

General Stats
  • This quiz has been taken 4 times
  • The average score is 15 of 20
Answer Stats
Question Tile Select % Correct
Click on the pictures that come from Raspberry Roots' Heartside Yes
100%
Click on the pictures that come from Raspberry Roots' Heartside Yes
100%
Click on the pictures that come from Raspberry Roots' Heartside No
100%
Click on the pictures that come from Raspberry Roots' Heartside No
100%
Click on the pictures that come from Raspberry Roots' Heartside No
100%
Click on the pictures that come from Raspberry Roots' Heartside Can't remove this tile No
100%
Click on the pictures that come from Raspberry Roots' Heartside Can't remove this tile No
100%
Click on the pictures that come from Raspberry Roots' Heartside Yes
75%
Click on the pictures that come from Raspberry Roots' Heartside No
75%
Click on the pictures that come from Raspberry Roots' Heartside No
75%
Click on the pictures that come from Raspberry Roots' Heartside No
75%
Click on the pictures that come from Raspberry Roots' Heartside No
75%
Click on the pictures that come from Raspberry Roots' Heartside No
75%
Click on the pictures that come from Raspberry Roots' Heartside Yes
50%
Click on the pictures that come from Raspberry Roots' Heartside Yes
50%
Click on the pictures that come from Raspberry Roots' Heartside No
50%
Click on the pictures that come from Raspberry Roots' Heartside No
50%
Click on the pictures that come from Raspberry Roots' Heartside No
50%
Click on the pictures that come from Raspberry Roots' Heartside No
50%
Click on the pictures that come from Raspberry Roots' Heartside Yes
25%
No matching quizzes found
Score Distribution
Percent of People with Each Score
Percentile by Number Answered
Your Score History
You have not taken this quiz